000
00360nam a2200157Ia 4500
008
210716s1995 xx 000 0 und d
020
_a
084768069X
041
_a
eng
082
_a
174.4 LIPR
100
_a
Lippke, Richard L.
245
_a
Redical business ethics.
250
_a
1
260
_a
USA
_c
1995
300
_a
ix, 203
650
_a
Business Ethics
999
_c
206343
_d
206343